000 00556nam a2200229Ia 4500
999 _c47023
_d47023
001 13879
003 GE_BSU
005 20221124145049.0
008 181216s2004||||enk|||||||||||||| ||eng||
020 _a9151842769x
040 _cGE_BSU
041 _aeng
080 _a94(4) K-49
100 _aKisthinios, Kristina.
_916043
245 2 _aA Scent of Sweden /
_cKristina Kisthinios.
264 _bPrisma.
_c2004.
300 _a96 p.;
_b25 cm.
300 _bill.
653 _aA Scent of Sweden.
653 _aშვედეთი
942 _cBK
_2udc